Running on Empty/ (Record no. 190503)
[ view plain ]
| 000 -LEADER | |
|---|---|
| fixed length control field | 00495nam a22001817a 4500 |
| 005 - DATE AND TIME OF LATEST TRANSACTION | |
| control field | 20220727102647.0 |
| 010 ## - LCCN (DPL NO) | |
| LC control number | ENG-134009 |
| 020 ## - INTERNATIONAL STANDARD BOOK NUMBER | |
| International Standard Book Number | 9789381623671 |
| Terms of availability | 295.00 |
| 035 ## - SYSTEM CONTROL NUMBER | |
| System control number | EN-117541 |
| 037 ## - SOURCE OF ACQUISITION | |
| Source of stock number/acquisition | DBAD/PUB |
| 082 ## - DEWEY DECIMAL CLASSIFICATION NUMBER | |
| Classification number | 882 |
| 100 ## - MAIN ENTRY--PERSONAL NAME | |
| Personal name | Seth, Rahul |
| 245 ## - TITLE STATEMENT | |
| Title | Running on Empty/ |
| Statement of responsibility, etc | Rahul Seth |
| 260 ## - PUBLICATION, DISTRIBUTION, ETC. (IMPRINT) | |
| Place of publication, distribution, etc | Hapur |
| Name of publisher, distributor, etc | Kie Publication |
| Date of publication, distribution, etc | 2016 |
| 270 ## - ADDRESS | |
| Address | Revti Kunj |
| Electronic mail address | info@kiepublication.com |
| City | Hapur |
| Postal code | 245101 |
| 300 ## - PHYSICAL DESCRIPTION | |
| Extent | 87p. |
| Dimensions | 23cm(hb) |
| 942 ## - ADDED ENTRY ELEMENTS (KOHA) | |
| Source of classification or shelving scheme | Dewey Decimal Classification |
| Item type | English Books |
| Classification part | 882 |
| Call number suffix | SET |
| Withdrawn status | Lost status | Not for loan | Collection code | Home library | Current library | Date acquired | Source of acquisition | Cost, normal purchase price | Full call number | Barcode | Copy number | Cost, replacement price | Koha item type |
|---|---|---|---|---|---|---|---|---|---|---|---|---|---|
| Non-fiction | Bawana | Bawana | 27/07/2022 | DBAD/PUB | 295.00 | 882 SET | EN-117541 | 1 | 295.00 | English Books |
